| 000 | 01553nam a22002537a 4500 | ||
|---|---|---|---|
| 005 | 20130916171843.0 | ||
| 008 | 101019t xxu||||| |||| 00| 0 hin d | ||
| 010 | _aHIN-97397 B-502856-860 | ||
| 020 |
_c300.00 _a9789350722459 |
||
| 035 | _aHN-69743 B-502856-860 | ||
| 037 | _bDBAD / PUB | ||
| 037 | _bप्रकाशन संस्थान | ||
| 040 |
_aDPL _bHN |
||
| 082 | _a364.13230954 | ||
| 245 |
_aभ्रष्टाचार और अन्ना आन्दोलन / _cमहाश्वेता देवी एवं अरूण कुमार त्रिपाठी द्वारा संपादित |
||
| 246 |
_aBhrashtachar aur anna Aandolan _bEd by Mahashveta Devi & Arun Kumar Tripathi |
||
| 260 |
_aनई दिल्ली _bवाणी प्रकाशन _c2012 |
||
| 270 |
_bनई दिल्ली _a4695, 21-ए, दरियागंज _e110002 _k91 11 23273167 _l91 11 23275710 _mvaniprakashan@gmail.com |
||
| 300 | 1 |
_a167पृ. _c22सेमी (सजिल्द) |
|
| 700 |
_948760 _aमहाश्वेता देवी |
||
| 700 |
_aत्रिपाठी, अरूण कुमार _953579 |
||
| 942 |
_2ddc _cHN _mभ्रष्टाचा _h364.13230954 |
||
| 999 |
_c71423 _d71423 |
||